[Event "Seattle PNWCC Summer"]
[Site "Redmond"]
[Date "2022.06.26"]
[Round "5"]
[White "Lee, Megan Shuen Hui"]
[Black "Bragg, David R"]
[Result "1-0"]
[WhiteElo "2226"]
[BlackElo "1997"]
[PlyCount "51"]
[EventDate "2022.06.24"]
[EventType "swiss"]
[EventRounds "9"]
[EventCountry "USA"]
[SourceTitle "EXT 2023"]
[Source "ChessBase"]
[SourceDate "2022.10.05"]
[SourceVersion "1"]
[SourceVersionDate "2022.10.05"]
[SourceQuality "1"]

1. e4 c6 2. d4 d5 3. Nc3 dxe4 4. Nxe4 Nd7 5. Nf3 Ngf6 6. Nxf6+ Nxf6 7. Bd3 Bf5 8. 0-0 Bxd3 9. Qxd3 e6 10. Bf4 Bd6 11. Be5 Qc7 12. Rfe1 0-0-0 13. b4 Ng4 14. Bxd6 Qxd6 15. c3 h5 16. h3 Nh6 17. Rab1 f6 18. b5 c5 19. Qc4 Rhe8 20. dxc5 Qd5 21. Qb4 e5 22. c6 Nf5 23. c4 Qd6 24. cxb7+ Kxb7 25. c5 Qe7 26. Qe4+ 1-0

[Event "Kirkland PNWCC op"]
[Site "Kirkland"]
[Date "2020.01.19"]
[Round "5"]
[White "Yanayt, Eugene"]
[Black "Bragg, David R"]
[Result "1/2-1/2"]
[WhiteElo "2234"]
[BlackElo "1992"]
[PlyCount "86"]
[EventDate "2020.01.17"]
[EventType "swiss"]
[EventRounds "7"]
[EventCountry "USA"]
[SourceTitle "CBM 194 Extra"]
[Source "ChessBase"]
[SourceDate "2020.03.31"]
[SourceVersion "1"]
[SourceVersionDate "2020.03.31"]
[SourceQuality "1"]

1. d4 Nf6 2. c4 g6 3. Nc3 Bg7 4. e4 0-0 5. Nf3 d6 6. Be2 Nbd7 7. 0-0 e5 8. Qc2 h6 9. Rd1 exd4 10. Nxd4 c6 11. Bf4 Qe7 12. Nf3 Ne8 13. b4 Qf6 14. Bd2 g5 15. Be1 Ne5 16. Nd4 Be6 17. Na4 g4 18. Rab1 h5 19. c5 d5 20. exd5 Bxd5 21. Nc3 Nc7 22. Qf5 Qg6 23. b5 Rfd8 24. Qxg6 Nxg6 25. bxc6 bxc6 26. Nxd5 Rxd5 27. Nxc6 Rxc5 28. Nb8 Ne6 29. a4 Rc8 30. Na6 Ngf4 31. Bf1 Nd4 32. Kh1 Nfe2 33. Rb4 Rc6 34. Nb8 Rb6 35. Rxb6 axb6 36. Nd7 Rxa4 37. Nxb6 Ra2 38. Nd5 Be5 39. Bd2 Kg7 40. Nb4 Ra3 41. Re1 Bf4 42. Bxf4 Nxf4 43. Rd1 Rb3 1/2-1/2

[Event "Foxwoods op 13th"]
[Site "Ledyard"]
[Date "2019.04.21"]
[Round "9"]
[White "Bragg, David R"]
[Black "Yanayt, Eugene"]
[Result "0-1"]
[WhiteElo "2051"]
[BlackElo "2268"]
[PlyCount "40"]
[EventDate "2019.04.17"]
[EventType "swiss"]
[EventRounds "9"]
[EventCountry "USA"]
[SourceTitle "CBM 189 Extra"]
[Source "ChessBase"]
[SourceDate "2019.06.03"]
[SourceVersion "1"]
[SourceVersionDate "2019.06.03"]
[SourceQuality "1"]

1. d4 Nf6 2. c4 g6 3. Nc3 Bg7 4. e4 d6 5. h3 0-0 6. Nge2 a6 7. g4 c5 8. dxc5 Qa5 9. cxd6 exd6 10. Bd2 Nbd7 11. g5 Ne5 12. Ng3 Nfd7 13. Rb1 f5 14. Nd5 Qxa2 15. Nc3 Nf3+ 16. Qxf3 Bxc3 17. Rd1 Bxd2+ 18. Rxd2 f4 19. Ne2 Ne5 20. Qc3 Qb1+ 0-1

[Event "Washington State-ch Premier"]
[Site "Redmond"]
[Date "2016.02.07"]
[Round "3"]
[White "Bragg, David R"]
[Black "Schill, William"]
[Result "1-0"]
[WhiteElo "2132"]
[BlackElo "2178"]
[PlyCount "123"]
[EventDate "2016.02.06"]
[EventType "tourn"]
[EventRounds "9"]
[EventCountry "USA"]
[SourceTitle "EXT 2018"]
[Source "ChessBase"]
[SourceDate "2017.10.13"]
[SourceVersion "1"]
[SourceVersionDate "2017.10.13"]
[SourceQuality "1"]

1. d4 Nf6 2. c4 g6 3. Nc3 Bg7 4. e4 d6 5. h3 0-0 6. Bd3 e5 7. d5 a5 8. Bg5 Na6 9. Qd2 Bd7 10. 0-0-0 Nb4 11. Bb1 a4 12. g4 Qe7 13. f3 Rfb8 14. Nb5 Na6 15. Ne2 Bxb5 16. cxb5 Nc5 17. Nc3 Qe8 18. h4 Nfd7 19. h5 f6 20. Be3 g5 21. h6 Bf8 22. Rh5 Be7 23. Rdh1 Kh8 24. Bc2 Ra5 25. Bd1 Rba8 26. Kc2 b6 27. Be2 Nf8 28. Bf2 Ng6 29. Bg3 Nd7 30. Bc4 Nf4 31. R5h2 Nf8 32. Qf2 N8g6 33. Qf1 Bf8 34. Qf2 Ne7 35. Bxf4 exf4 36. Qd4 Ng8 37. Rh5 Qe5 38. Qd3 Ne7 39. a3 Ng6 40. Na2 Qe8 41. Nb4 Ne5 42. Qc3 Rxb5 43. Bxb5 Qxb5 44. R5h3 Qc5 45. Rc1 Ra5 46. Kb1 Qxc3 47. Rxc3 Rc5 48. Na6 Rxc3 49. bxc3 c5 50. dxc6 Nxc6 51. Nb4 Ne5 52. Nd5 Nd7 53. Kc2 Kg8 54. Rh1 Kf7 55. Kd2 Ne5 56. Ke2 Nc4 57. Rb1 Bxh6 58. Rb4 Nxa3 59. Rxa4 Nb5 60. Rb4 Na3 61. Rxb6 Bf8 62. Kd3 1-0

[Event "Washington op"]
[Site "Lynnwood"]
[Date "2015.05.25"]
[Round "5"]
[White "Bragg, David R"]
[Black "Olin, Neo Edward"]
[Result "1-0"]
[WhiteElo "2128"]
[BlackElo "2066"]
[PlyCount "73"]
[EventDate "2015.05.23"]
[EventType "swiss"]
[EventRounds "6"]
[EventCountry "USA"]
[SourceTitle "EXT 2017"]
[Source "ChessBase"]
[SourceDate "2016.10.25"]
[SourceVersion "1"]
[SourceVersionDate "2016.10.25"]
[SourceQuality "1"]

1. e4 e6 2. d4 d5 3. exd5 exd5 4. Bd3 Be7 5. c3 Nf6 6. Qf3 Bg4 7. Qg3 Bd6 8. Bf4 Nh5 9. Qe3+ Kf8 10. Bxd6+ Qxd6 11. Ne2 Nd7 12. f3 Re8 13. Qd2 Be6 14. g4 Nhf6 15. Na3 a6 16. 0-0-0 b5 17. h3 Nb6 18. f4 Nc4 19. Nxc4 dxc4 20. Bc2 Bd5 21. Rh2 a5 22. Ng3 b4 23. Rf2 b3 24. Bb1 bxa2 25. Bxa2 a4 26. Re1 Rb8 27. Qe3 Re8 28. Qd2 Rb8 29. g5 Nd7 30. Nf5 Qa6 31. Qe2 Be6 32. Ne3 a3 33. b4 Nb6 34. f5 Bd7 35. Nxc4 Re8 36. Ne5 Bb5 37. Qh5 1-0

[Event "Washington Class-ch Masters"]
[Site "Lynnwood"]
[Date "2014.11.29"]
[Round "3"]
[White "Sang, Tian"]
[Black "Bragg, David R"]
[Result "1-0"]
[WhiteElo "2287"]
[BlackElo "2135"]
[PlyCount "91"]
[EventDate "2014.11.28"]
[EventType "swiss"]
[EventRounds "6"]
[EventCountry "USA"]
[SourceTitle "EXT 2017"]
[Source "ChessBase"]
[SourceDate "2016.10.25"]
[SourceVersion "1"]
[SourceVersionDate "2016.10.25"]
[SourceQuality "1"]

1. e4 c6 2. d4 d5 3. e5 Bf5 4. Nf3 e6 5. Be2 Nd7 6. 0-0 Be7 7. Nbd2 b5 8. a4 a6 9. Nb3 Rc8 10. axb5 axb5 11. Bd2 Qb6 12. Re1 h6 13. Be3 g5 14. h3 Bd8 15. Nc5 Ne7 16. g4 Bg6 17. Bd3 Bc7 18. Bxg6 Nxg6 19. Ra6 Qb8 20. Rxc6 Nxc5 21. Rxc5 Ba5 22. c3 Rxc5 23. dxc5 Bc7 24. Qe2 0-0 25. Bd2 Kg7 26. h4 gxh4 27. g5 hxg5 28. Bxg5 Bd8 29. Qe3 Rh8 30. Nd4 Rh5 31. Bf4 Bc7 32. Qf3 Qh8 33. Qg4 h3 34. Bh2 Rh4 35. Qf3 Kg8 36. Nxb5 Bxe5 37. Bg3 Rc4 38. Nd6 Bxd6 39. cxd6 Nh4 40. Qd1 Nf5 41. d7 Qf6 42. b3 Rc6 43. Qg4+ Kf8 44. Qb4+ Kg8 45. Qb8+ Kh7 46. d8Q 1-0

[Event "Washington State-ch Premier"]
[Site "Seattle"]
[Date "2014.02.17"]
[Round "9"]
[White "Bragg, David R"]
[Black "Pupols, Viktors"]
[Result "1-0"]
[WhiteElo "2150"]
[BlackElo "2052"]
[PlyCount "87"]
[EventDate "2014.02.08"]
[EventType "tourn"]
[EventRounds "9"]
[EventCountry "USA"]
[SourceTitle "EXT 2017"]
[Source "ChessBase"]
[SourceDate "2016.10.25"]
[SourceVersion "1"]
[SourceVersionDate "2016.10.25"]
[SourceQuality "1"]

1. c4 Nf6 2. Nc3 e6 3. g3 d5 4. Bg2 Be7 5. d4 0-0 6. Nf3 c6 7. 0-0 Nbd7 8. b3 b6 9. Bf4 Ba6 10. cxd5 cxd5 11. a4 Ne8 12. Qd2 Bb4 13. Rfc1 Rc8 14. Bf1 Ndf6 15. Qb2 Bd6 16. Nb5 Bxf4 17. gxf4 Rxc1 18. Qxc1 Bxb5 19. axb5 Nd6 20. e3 Nc8 21. Ne5 Ne4 22. f3 Ned6 23. Qe1 f5 24. Bd3 Qe8 25. Qe2 Kh8 26. Kh1 Nf7 27. Rc1 Nxe5 28. fxe5 Ne7 29. Rc7 Ng8 30. Rxa7 Rf7 31. Ra1 Rc7 32. e4 dxe4 33. fxe4 Qd8 34. d5 exd5 35. exf5 Re7 36. Qe3 Qc7 37. Re1 Nf6 38. Qd4 Ne8 39. Kg2 h6 40. Qxd5 Qc3 41. Bc4 Nf6 42. exf6 Qb2+ 43. Kf3 Qc3+ 44. Qd3 1-0

[Event "Washington State-ch Premier"]
[Site "Seattle"]
[Date "2014.02.09"]
[Round "4"]
[White "Bragg, David R"]
[Black "Schill, William"]
[Result "0-1"]
[WhiteElo "2150"]
[BlackElo "2233"]
[PlyCount "187"]
[EventDate "2014.02.08"]
[EventType "tourn"]
[EventRounds "9"]
[EventCountry "USA"]
[SourceTitle "EXT 2017"]
[Source "ChessBase"]
[SourceDate "2016.10.25"]
[SourceVersion "1"]
[SourceVersionDate "2016.10.25"]
[SourceQuality "1"]

1. d4 Nf6 2. c4 g6 3. Nc3 Bg7 4. e4 d6 5. Nge2 0-0 6. h3 c5 7. Be3 Nbd7 8. Qc2 a6 9. e5 Ne8 10. exd6 Nxd6 11. b3 Qa5 12. 0-0-0 Nf5 13. Qd2 b5 14. Nd5 Qa3+ 15. Qb2 Qxb2+ 16. Kxb2 bxc4 17. g4 Bb7 18. Bg2 e6 19. gxf5 Bxd5 20. Bxd5 exd5 21. Nc3 Nf6 22. dxc5 Ne4 23. Bd4 Bxd4 24. Rxd4 Nxf2 25. Rf1 Nd3+ 26. Kc2 Nxc5 27. Nxd5 cxb3+ 28. axb3 Rfd8 29. Ne7+ Kg7 30. fxg6 fxg6 31. Rc4 Ne6 32. Re1 Nf8 33. Nc6 Rd7 34. Kc3 Rf7 35. Re3 Nd7 36. Nd4 Nb6 37. Rc5 Kg8 38. Re6 Nd7 39. Rd5 Rc8+ 40. Kb4 Nf6 41. Rdd6 Ne8 42. Rc6 Nc7 43. Re5 Rd8 44. Kc5 Rfd7 45. Ne2 Rb8 46. Rb6 Rxb6 47. Kxb6 Kg7 48. Kc6 Rf7 49. Nd4 Kf6 50. Re3 Kg5 51. b4 Kh5 52. Nf3 Nb5 53. Re5+ Kh6 54. Nd2 Rf6+ 55. Kb7 g5 56. Ne4 Nd6+ 57. Nxd6 Rxd6 58. Ra5 Kh5 59. Rxa6 Rd3 60. b5 Rxh3 61. b6 Rb3 62. Kc6 Rc3+ 63. Kd6 Rb3 64. Kc6 g4 65. Ra5+ Kh4 66. Rb5 Rxb5 67. Kxb5 g3 68. b7 g2 69. b8Q g1Q 70. Qf4+ Kh5 71. Qf3+ Qg4 72. Qh1+ Kg6 73. Kc5 h5 74. Kd5 h4 75. Qe4+ Kg5 76. Qe7+ Kf4 77. Qc7+ Kf3 78. Qc2 Qg8+ 79. Ke5 Qg7+ 80. Ke6 Qg4+ 81. Ke5 Qf4+ 82. Kd5 h3 83. Qd3+ Kg2 84. Qc2+ Kg3 85. Qg6+ Qg4 86. Qd6+ Kg2 87. Qa6 Qf3+ 88. Ke5 h2 89. Qa2+ Kh3 90. Qe6+ Qg4 91. Qh6+ Qh4 92. Qe6+ Qg4 93. Qh6+ Kg2 94. Qd2+ 0-1

[Event "CAN-ch op 49th"]
[Site "Victoria"]
[Date "2012.07.10"]
[Round "5"]
[White "Piasetski, Leon David"]
[Black "Bragg, David R"]
[Result "1/2-1/2"]
[WhiteElo "2290"]
[BlackElo "2165"]
[PlyCount "41"]
[EventDate "2012.07.08"]
[EventType "swiss"]
[EventRounds "9"]
[EventCountry "CAN"]
[SourceTitle "CBM 149 Extra"]
[Source "ChessBase"]
[SourceDate "2012.08.24"]
[SourceVersion "1"]
[SourceVersionDate "2012.08.24"]
[SourceQuality "1"]

1. c4 e5 2. g3 d6 3. Bg2 c6 4. Nc3 Be6 5. d3 Be7 6. e4 a5 7. Nge2 Na6 8. 0-0 g5 9. f4 gxf4 10. gxf4 Qb6+ 11. Kh1 Bg4 12. Qe1 Nf6 13. Ng3 Nc5 14. Be3 Qc7 15. Qd2 Ne6 16. f5 Nd4 17. h3 Nh5 18. Nxh5 Bxh5 19. Qf2 Bf6 20. Kh2 Qe7 21. Rg1 1/2-1/2

[Event "Washington Class-ch Master"]
[Site "Seattle"]
[Date "2011.11.27"]
[Round "5"]
[White "Lee, Nathan"]
[Black "Bragg, David R"]
[Result "1-0"]
[WhiteElo "2103"]
[BlackElo "2200"]
[PlyCount "71"]
[EventDate "2011.11.25"]
[EventType "swiss"]
[EventRounds "6"]
[EventCountry "USA"]
[SourceTitle "EXT 2017"]
[Source "ChessBase"]
[SourceDate "2016.10.25"]
[SourceVersion "1"]
[SourceVersionDate "2016.10.25"]
[SourceQuality "1"]

1. e4 c6 2. d4 d6 3. Nc3 g6 4. Be3 Bg7 5. Nge2 b5 6. a3 Bb7 7. g3 Nd7 8. Bg2 a5 9. 0-0 b4 10. Na2 bxa3 11. bxa3 Nb6 12. f4 Nc4 13. Bf2 Nxa3 14. Qd3 Nb5 15. c4 Nc7 16. Qc2 Nh6 17. e5 Ng4 18. Rab1 Qc8 19. exd6 Ne6 20. Qa4 Nxf2 21. Rxb7 0-0 22. dxe7 Re8 23. Bxc6 Bxd4 24. Nxd4 Nxd4 25. Bxe8 Nh3+ 26. Kg2 Qxb7+ 27. Kxh3 Qxe7 28. Qd7 Rxe8 29. Qxd4 Rd8 30. Qe5 Qxe5 31. fxe5 Rd2 32. Nc3 Rd3 33. Rc1 Re3 34. c5 Rxe5 35. c6 Rc5 36. Ne2 1-0

[Event "Washington State-ch"]
[Site "Seattle"]
[Date "2010.02.06"]
[Round "2"]
[White "Bragg, David R"]
[Black "Schill, William"]
[Result "1/2-1/2"]
[WhiteElo "2213"]
[BlackElo "2229"]
[PlyCount "37"]
[EventDate "2010.02.06"]
[EventType "tourn"]
[EventRounds "9"]
[EventCountry "USA"]
[SourceTitle "EXT 2017"]
[Source "ChessBase"]
[SourceDate "2016.10.25"]
[SourceVersion "1"]
[SourceVersionDate "2016.10.25"]
[SourceQuality "1"]

1. d4 Nf6 2. c4 g6 3. Nc3 Bg7 4. e4 d6 5. Nf3 0-0 6. h3 e5 7. dxe5 dxe5 8. Qxd8 Rxd8 9. Bg5 c6 10. Nxe5 Na6 11. Nd3 Re8 12. e5 Nd7 13. 0-0-0 h6 14. Bf4 g5 15. Bg3 Nxe5 16. Nxe5 Bxe5 17. Bxe5 Rxe5 18. Rd8+ Kg7 19. Be2 1/2-1/2

[Event "Victoria Grand Pacific op 2nd"]
[Site "Victoria"]
[Date "2008.03.22"]
[Round "3"]
[White "Bragg, David R"]
[Black "Huang, Richard"]
[Result "1-0"]
[WhiteElo "2226"]
[BlackElo "1856"]
[PlyCount "83"]
[EventDate "2008.03.21"]
[EventType "swiss"]
[EventRounds "6"]
[EventCountry "CAN"]
[SourceTitle "EXT 2011"]
[Source "ChessBase"]
[SourceDate "2010.11.26"]
[SourceVersion "1"]
[SourceVersionDate "2010.11.26"]
[SourceQuality "1"]

1. d4 d5 2. Nc3 Nf6 3. Bg5 Bf5 4. f3 Nbd7 5. Nxd5 Nxd5 6. e4 h6 7. Bh4 Ne3 8. Qd3 Nxf1 9. exf5 Nxh2 10. 0-0-0 Nb6 11. Rxh2 Qd6 12. Rh3 0-0-0 13. Ne2 Nd5 14. g4 Nf4 15. Nxf4 Qxf4+ 16. Kb1 Qd6 17. Qc4 Qd5 18. Qa4 a6 19. c4 Qd7 20. Qc2 Rg8 21. Rh2 g5 22. fxg6 fxg6 23. Re2 g5 24. Bg3 Qc6 25. d5 Qg6 26. Re6 Qxc2+ 27. Kxc2 b6 28. a4 Kb7 29. a5 Rh8 30. Rd3 bxa5 31. Rc6 Rd6 32. Rb3+ Kc8 33. Bxd6 exd6 34. Rxa6 Kd7 35. Ra8 Bg7 36. Rxh8 Bxh8 37. Rb5 a4 38. Rb8 Bf6 39. Rg8 c6 40. Rg6 Be5 41. Rxh6 c5 42. Rh7+ 1-0